000 00595nam a2200181Ia 4500
005 20250326125705.0
008 250326s9999 xx 000 0 und d
037 _aTextbook
040 _aFMSL
_beng
_cFMSL
041 _aeng
_2eng
084 _aX621.44r L7
_qFMSL
100 _aResearve Bank OF India
_9377187
245 0 _aReport of the working group to study the problems of bank credit in the north-eastern region
_cResearve Bank OF India
260 _aNew Delhi
_bNew Delhi, Reserve Bank
_c1972
300 _a29p
942 _cTB
_hX621.44r L7
999 _c1279141
_d1279141